000
00293nam a22001217a 4500
020
_a
9788120343696
082
_a
070.4
100
_a
James Glen Stovall
245
_a
Journalism who, what, when, where, why and how
260
_a
New Delhi
_b
PHI learning
_c
2011
300
_a
504p
942
_c
BK
999
_c
2765
_d
2765